Представление документа в формате MARC21

ПолеНазваниеЗначение
  Тип записи a
  Библиографический уровень m
001 Контрольный номер RU/URAIT/587937
005 Дата корректировки 20260429163647.6
008 Кодируемые данные 260429s2026 RU y f j 000 0 rus u
020 Индекс ISBN __
a ISBN 978-5-534-15967-7
c Цена, тираж 2079.00
040 Источник каталогиз. __
a Служба первич. каталог. ИКО Юрайт
c Служба, преобразующая запись ИКО Юрайт
e Правила каталог. RCR
041 Код языка издания __
a Код языка текста rus
044 Код страны публикации __
a Код страны публикации RU
080 Индекс УДК __
a Индекс УДК 338.24(075.8)
084 Индекс другой классификации/Индекс ББК __
2 Источник индекса rubbk
a Индекс другой классификации/Индекс ББК 65.050я73
100 Автор __
a Автор Ручкина Г. Ф.
q Полное имя Ручкина Гульнара Флюровна
245 Заглавие __
a Заглавие Правовое регулирование экономической деятельности
b Продолж. заглавия учебник для вузов
c Ответственность Г. Ф. Ручкина [и др.] ; под редакцией Г. Ф. Ручкиной.
250 Сведения об издании __
g пер. и доп
a Основные сведения об издании 2-е изд.
256 Характеристики компьютерного файла __
a Характеристики компьютерного файла Электрон. дан.
260 Выходные данные __
a Место издания Москва
b Издательство Юрайт
c Дата издания 2026
300 Физическое описание __
a Объем 398 с
440 Серия __
a Серия Высшее образование
500 Примечания __
a Примечание URL: https://urait.ru/bcode/587937 (дата обращения: 29.04.2026).
520 Аннотация __
a Аннотация Курс подготовлен с учетом требований к освоению соответствующих компонентов теоретических знаний, практических навыков и умений в области права для неюридических специальностей. В курсе рассматриваются основные теоретические положения о понятии, содержании и субъектах экономической деятельности, правовых основах экономической, бюджетной, налоговой, банковской, валютной систем России. Освещены вопросы государственного регулирования и контроля в обозначенной сфере, а также защиты прав субъектов экономической деятельности. Уделяется внимание специфике правового регулирования экономической деятельности в условиях цифровой экономики. Теоретическое содержание и практическая ориентированность курса соответствуют требованиям федерального государственного образовательного стандарта высшего образования. Содержание нормативных правовых актов учтено по состоянию на 1 января 2022 года. Курс предназначен для студентов образовательных организаций неюридического направления, аспирантов, преподавателей, а также для всех, кто интересуется вопросами правового обеспечения экономической деятельности.
538 Прим. о системных особенностях __
a Прим. о системных особенностях Режим доступа: Электронно-библиотечная система Юрайт, для авториз. пользователей
653 Ключевые слова __
a Ключевые слова Предпринимательское и коммерческое право
653 Ключевые слова __
a Ключевые слова Юридические науки
653 Ключевые слова __
a Ключевые слова Правовое регулирование экономической деятельности
653 Ключевые слова __
a Ключевые слова Правовая среда экономической деятельности
653 Ключевые слова __
a Ключевые слова Правовое обеспечение ПД
653 Ключевые слова __
a Ключевые слова Правовые основы экономической деятельности
653 Ключевые слова __
a Ключевые слова Правовые аспекты экономической деятельности
700 Другие авторы __
a Другие авторы Нарутто С. В.
q Полное имя Нарутто Светлана Васильевна
700 Другие авторы __
a Другие авторы Попова Н. Ф.
q Полное имя Попова Наталия Федоровна
700 Другие авторы __
a Другие авторы Баранов В. А.
q Полное имя Баранов Виктор Алексеевич
700 Другие авторы __
a Другие авторы Антонова Е. Г.
q Полное имя Антонова Елена Геннадьевна
700 Другие авторы __
a Другие авторы Батталова Л. М.
q Полное имя Батталова Линара Мухаматямилевна
700 Другие авторы __
a Другие авторы Белоусов А. Л.
q Полное имя Белоусов Андрей Леонидович
700 Другие авторы __
a Другие авторы Васильева О. Н.
q Полное имя Васильева Оксана Николаевна
700 Другие авторы __
a Другие авторы Крашенинников С. В.
q Полное имя Крашенинников Сергей Владимирович
700 Другие авторы __
a Другие авторы Курилюк Ю. Е.
q Полное имя Курилюк Юлия Евгеньевна
700 Другие авторы __
a Другие авторы Нечаев А. Д.
q Полное имя Нечаев Алексей Дмитриевич
700 Другие авторы __
a Другие авторы Овчинников А. А.
q Полное имя Овчинников Алексей Александрович
700 Другие авторы __
a Другие авторы Райлян А. И.
q Полное имя Райлян Алексей Иванович
700 Другие авторы __
a Другие авторы Симаева Е. П.
q Полное имя Симаева Евгения Петровна
700 Другие авторы __
a Другие авторы Царева О. Е.
q Полное имя Царева Ольга Евгеньевна
700 Другие авторы __
a Другие авторы Шайдуллина В. К.
q Полное имя Шайдуллина Венера Камилевна
700 Другие авторы __
a Другие авторы Амелина Е. Е.
q Полное имя Амелина Елена Евгеньевна
700 Другие авторы __
a Другие авторы Головченко О. Н.
q Полное имя Головченко Оксана Николаевна
700 Другие авторы __
a Другие авторы Панина С. А.
q Полное имя Панина Светлана Анатольевна
700 Другие авторы __
a Другие авторы Венгеровский Е. Л.
q Полное имя Венгеровский Евгений Леонидович
856 Электронный адрес документа 40
n Местонахождение сервера Юрайт
g Электронная книга
q Тип электронного формата html
h Имя пользователя ЮРАЙТ
v Часы доступа к ресурсу 20271231
2 Способ доступа Показать документ
x Служебное примечание https://urait.ru/book/cover/985D5E61-3F77-4CB2-BF0D-32FF5AB6E2CB
u URL https://urait.ru/bcode/587937
856 Электронный адрес документа 48
q Тип электронного формата cover
u URL https://urait.ru/book/cover/985D5E61-3F77-4CB2-BF0D-32FF5AB6E2CB
911 __
u 0030=https://urait.ru/bcode/587937
911 __
u 073a=9785534159677
u 073d=2079.00
911 __
u 106a=s
911 __
u 900l=
952 Тип литературы __
i Дисциплина Правовое регулирование экономической деятельности
952 Тип литературы __
i Дисциплина Правовая среда экономической деятельности
952 Тип литературы __
i Дисциплина Правовое обеспечение ПД
952 Тип литературы __
i Дисциплина Правовые основы экономической деятельности
952 Тип литературы __
i Дисциплина Правовые аспекты экономической деятельности